Bibliografia del siglo XIX (Record no. 7743)

MARC details
000 -LEADER
campo de control de longitud fija 00976nam a2200241 i 4500
001 - NÚMERO DE CONTROL
campo de control 7743
003 - IDENTIFICADOR DE NÚMERO DE CONTROL
campo de control ES-MaACL
005 - FECHA Y HORA DE LA ÚLTIMA TRANSACCIÓN
campo de control 20251120063119.0
007 - CAMPO FIJO DE DESCRIPCIÓN FÍSICA--INFORMACIÓN GENERAL
campo de control de longitud fija t|
008 - DATOS DE LONGITUD FIJA--INFORMACIÓN GENERAL
campo de control de longitud fija 910510s1978 sp b |||| | spa d
020 ## - NÚMERO INTERNACIONAL ESTÁNDAR DEL LIBRO
Número Internacional Estándar del Libro 84-235-0342-9
080 ## - NÚMERO DE LA CLASIFICACIÓN DECIMAL UNIVERSAL
Número de la Clasificación Decimal Universal 016:946"1833/76"
100 1# - ENTRADA PRINCIPAL--NOMBRE DE PERSONA
Nombre de persona Burgo, Jaime del,
Fechas asociadas al nombre 1912-2005
9 (RLIN) 32641
245 10 - MENCIÓN DEL TÍTULO
Título Bibliografia del siglo XIX
Resto del título : guerras carlistas, luchas políticas /
Mención de responsabilidad, etc. Jaime del Burgo ; prólogo de Federico Suárez Verdeguer.
250 ## - MENCION DE EDICION
Mención de edición 2ª ed.
Resto de la mención de edición revisada y puesta al día con las publicaciones que han visto la luz hasta el año 1975 inclusive.
260 ## - PUBLICACIÓN, DISTRIBUCIÓN, ETC.
Lugar de publicación, distribución, etc. Pamplona :
Nombre del editor, distribuidor, etc. [Diputación Foral de Navarra],
Fecha de publicación, distribución, etc. 1978.
300 ## - DESCRIPCIÓN FÍSICA
Extensión XXIX, 1072 p. ;
Dimensiones 33 cm.
500 ## - NOTA GENERAL
Nota general Precede al tít.: Fuentes para la historia de España.
651 #4 - PUNTO DE ACCESO ADICIONAL DE MATERIA--NOMBRE GEOGRÁFICO
Nombre geográfico España-
Subdivisión general Historia-
Subdivisión cronológica 1833-1876, Guerras carlistas-
Subdivisión de forma Bibliografías.
9 (RLIN) 8254
700 1# - ENTRADA AGREGADA--NOMBRE PERSONAL
Nombre de persona Suárez, Federico.
9 (RLIN) 108558
852 ## - LOCALIZACIÓN
Ubicación ES-MaACL
Número de control de estantería C-10858
Nota libre - Enc. tela
Holdings
Estatus retirado Estado de pérdida Estado de daño No para préstamo Biblioteca de origen Biblioteca actual Ubicación en estantería Fecha de adquisición Fuente de adquisición Total de préstamos Signatura topográfica completa Código de barras Visto por última vez Precio de reemplazo Tipo de ítem Koha
        Biblioteca del Ateneo de Madrid Biblioteca del Ateneo de Madrid Sala Palomar 17/01/2008     C-10858 1007897 23/02/2023 23/02/2023 Libro impreso